00735cam a22002417a 4500003000500000005001700005008004100022010001000063011001000073020001500083035001000098040000900108082001300117100002600130245009800156260008600254300001100340650003100351650002900382650002800411700002800439700002600467CHAP20220817043018.0971014d1995 mx r 00110 spa d a62667 a63639 a9681801342 a67815 cCHAP04a382bB4500aBensusán, Graciela.10aCompetitividad internacional versus democracia industrialc/por Graciela Bensusán [y otros] aMéxico, D.F. :bUniversidad Autónoma Metropolitana. Unidad Xochimilco,c1995. a128 p.14aCompetencia internacional.14aRelaciones industriales.24aTrabajo y trabajadores.0 aFurstemberg, Friedrich.0 aGarza, Enrique de la.